Piłkarze Montpellier HSC - nagła śmierć - Statystyki

Ogólne statystyki
  • Ten quiz został rozwiązany 92 razy
  • Średni wynik to 4 z 9
Answers on the Grid
Answers color-coded by a green-red scale on the quiz's grid according to % correct below.
Olivier Giroud
N’Golo Kanté
Mamadou Sakho
Benjamin Pavard
Riyad Mahrez
Przemyslaw Frankowski
Arkadiusz Milik
Wahbi Khazri
Alex Sandro
Marcin Bułka
Adam Buksa
Maxwell
Gerónimo Rulli
Gennaro Gattuso
Rémy Cabella
Stephy Mavididi
Alex Telles
Ryad Boudebouz
Ismaël Bennacer
Nordi Mukiele
Roman Weidenfeller
Lucas Barrios
Sofyan Amrabat
Fermín López
 
Statystyki odpowiedzi
Odpowiedź % Poprawnych
Olivier Giroud
81%
Mamadou Sakho
64%
Wahbi Khazri
53%
Ryad Boudebouz
44%
Rémy Cabella
40%
Stephy Mavididi
33%
Gerónimo Rulli
19%
Nordi Mukiele
16%
Lucas Barrios
9%
Nie znaleziono quizów pasujących do podanych kryteriów
Rozkład punktacji
Procent ludzi z każdym wynikiem
Percentyl według liczby udzielonych odpowiedzi
Twoja historia wyników
Nie rozwiązałeś tego quizu